000 00729nam a2200253Ia 4500
003 OSt
005 20220925174941.0
006 a|||||r|||| 00| 0
007 ta
008 220923b |||||||| |||| 00| 0 eng d
037 _cGeneral Book
040 _aRTL
_cRTL
_beng
041 _2eng
_aeng
082 _aT:3(Sigma), L7
100 _aGilliom M Eugene
_9247902
245 0 _aPractical methods for the social studies
260 _aCalifornia
_bWadsworth Publication Co.
_c1977
300 _a394p.
_ccm.
500 _aBibliography Chapterwise
650 _a Education
650 _aTeaching Techniques
_9234490
942 _hT:3(Sigma), L7
_cGB
_2CC
999 _c492262
_d492262